Estatísticas para Comida que começa com F

Clique aqui para jogar o quiz

Estatísticas Gerais

  • Esse quiz foi jogado 51 vezes
  • A pontuação média é 6 de 24

Estatísticas das Respostas

HintResposta% Correto
11.Feijão
91%
1.Figo
81%
3.Farinha
69%
8.Frango
66%
12.Feijoada
63%
19.Framboesa
56%
15.Fígado
44%
10.Fava
19%
18.Fiambre
19%
24.Fritada
13%
16.Farinha de trigo
9%
23.Francesinha
9%
4.Farinha de milho
6%
5.Fartura
6%
14.Feijão-verde
6%
7.Filhós
6%
13.Faisão
3%
17.Farinheira
3%
6.Farófias
3%
20.Feta
3%
21.Fettuccine
0%
2.Figo seco
0%
22.Filé de peixe
0%
9.Foundue
0%

Distribuição das Pontuações

Percentil de Números Respondidos

Porcentagem de Pessoas com Cada Pontuação

Sua Pontuação Histórica

Você não jogou esse quiz